000 01353aam a2200445 4500
005 20161101100243.0
008 150717b xxu||||| |||| 00| 0 spa d
041 _aEspañol
082 _a658 D124a
100 _aDaft, Richard
_914748
245 _aAdministración
250 _a6 edición
260 _aMéxico
_bThompson
_c2004
300 _a782 páginas
650 _aADMINISTRACIÓN
_9268
650 _aPLANEACIÓN
_929642
650 _aORGANIZACIÓN
_9805
650 _aDIRECCIÓN
_92737
650 _aCONTROL
_929643
650 _aGLOBALIZACIÓN
_929644
650 _aETICA DE ADMINISTRACIÓN
_914752
650 _aESTRATEGIA
_92778
650 _aTOMA DE DECISIONES
_9865
650 _aPEQUENAS EMPRESAS
_910517
650 _aEVALUACIÓN DEL DESEMPEÑO
_9399
650 _aDISEÑO ESTRUCTURAL
_914753
650 _aCAMBIO Y DESARROLLO
_914754
650 _aRECURSOS HUMANOS
_929645
650 _aFUERZA DE TRABAJO
_93194
650 _aCOMPORTAMIENTO ORGANIZACIONAL
_92998
650 _aLIDERAZGO
_922
650 _aMOTIVACIÓN
_929646
650 _aCOMUNICACIÓN EN LAS ORGANIZACIONES
_93387
650 _aTRABAJO EN EQUIPO
_9731
650 _aCONTROL FINANCIERO
_914757
650 _aCALIDAD TOTAL
_940
650 _aADMINISRACIÓN DE OPERACIONES
_914758
650 _aTECNOLOGÍAS DE LA INFORMACIÓN
_97073
942 _cBK
999 _c1851
_d1851